000 00991nmc a2200301 a 4500
003 AR-BaBNM
005 20251128205229.0
008 011101s1968 ||||||||||||||000 | spa||
040 _cAR-BaBNM
100 1 _aWahlquist, John T.
245 1 0 _aLa enseñanza superior estatal
260 _aBuenos Aires
_bTroquel
_c1968
300 _a158 p.
_btablas
490 0 _aBiblioteca de la nueva educación
500 _aContiene glosario
500 _aContiene en apéndice una lista clasificada de los "colleges" y universidades estatales de Estados Unidos de América
504 _aBibliografía: p. 149-150
650 4 _aPLAN DE ESTUDIOS DE ENSENANZA SUPERIOR
650 4 _aUNIVERSIDADES ESTATALES
650 4 _aUNIVERSIDADES E INSTITUTOS DE ENSENANZA SUPERIOR
651 4 _aEstados Unidos
653 _aEDUCACION SUPERIOR
700 1 _aThornton, James W.
700 1 _aMedsker, Leland L.
_eprologuista
700 1 _aSetaro, Flora
_etraductor
942 _cBK
998 _csilvi
999 _c10526
_d10526